01016nam a22002897a 4500003000500000005001700005008004100022010001000063011001000073035001000083040000900093082001500102100002900117245007500146260005000221300002000271590004100291590004100332590004100373590004200414650003600456901000700492942001000499949006500509999001700574952013500591CHAP20220329140817.0971013s1966 r 00010 d a57987 a58959 a63116 cCHAP a301.24bS500aSmith, Alfred G.9106953 aCommunication and culture ; readings in the codes of human interaction aNew York :bHolt, Rinehart and Winston,c1966 a626 p.b: ilus. aBATCH-UPDb10c20130110lUCH01h0349 aBATCH-UPDb10c20130410lUCH01h0022 aBATCH-UPDb10c20130914lUCH01h1023 aCONVERSIONb10c20130109lUCH01h133114aComunicación de masas.926210 aBK cLIBRO a301.24 S5bBCcLIBROd33724000291993eLIBROh27831i63116si c57987d57987 00102ddc4052708GRALaBCbBCcPA_GRALd2019-12-31fLIBROl0o301.24 S5p33724000291993r2019-12-31 00:00:00w2019-12-31yLIBRO